[Event "50th Rilton Cup 2022-23"]
[Site "Stockholm SWE"]
[Date "2023.01.05"]
[Round "9.13"]
[White "Kulaots, Kaido"]
[Black "Lopez Mulet, Inigo"]
[Result "1-0"]
[WhiteTitle "GM"]
[BlackTitle "IM"]
[WhiteElo "2513"]
[BlackElo "2389"]
[WhiteFideId "4500261"]
[BlackFideId "22235620"]
[EventDate "2022.12.27"]

1. e4 e6 2. d4 d5 3. Nc3 Nf6 4. e5 Nfd7 5. f4 c5 6. Nf3 Nc6 7. Be3 Be7 8. a3 a6
9. dxc5 Nxc5 10. Be2 O-O 11. O-O Qc7 12. Qe1 b6 13. b4 Nd7 14. Bd3 f5 15. Ne2 b5
16. Kh1 Nb6 17. Ned4 Nxd4 18. Nxd4 h5 19. h3 Kf7 20. Bf2 Rh8 21. Bh4 Bxh4 22.
Qxh4 Qe7 23. Qf2 Na4 24. Nf3 g6 25. Rfe1 Bd7 26. Re3 a5 27. Qd2 axb4 28. axb4
Nb6 29. Ree1 Rhc8 30. Red1 Ra4 31. Rab1 Ra2 32. Ra1 Rca8 33. Rxa2 Rxa2 34. Qe3
Na4 35. Qd4 Qd8 36. Rb1 Qb6 37. Kh2 Ra3 38. Kg1 Ke7 39. Kf2 Qc7 40. Kg3 Nc3 41.
Re1 Qa7 42. Qxa7 Rxa7 43. Kh4 Kf7 44. Ng5+ Kg7 45. g4 hxg4 46. hxg4 Ra8 47. gxf5
gxf5 48. Rg1 Rh8+ 49. Kg3 Kf8 50. Ra1 Na4 51. Kf3 Rh2 52. Ke3 Ke7 53. Rg1 Kf8
54. Rg3 Rh4 55. Nf3 Rh1 56. Rg1 Rxg1 57. Nxg1 Ke7 58. Ne2 Nb6 59. Nc3 Be8 60.
Kd4 Nc8 61. Kc5 Na7 62. Bxb5 Bh5 63. Ba4 Bf3 64. Nb5 Nc8 65. Nd4 Bd1 66. b5 1-0

[Event "50th Rilton Cup 2022-23"]
[Site "Stockholm SWE"]
[Date "2023.01.05"]
[Round "9.14"]
[White "Seo, Jung Min"]
[Black "Ilamparthi, A R"]
[Result "0-1"]
[WhiteTitle "IM"]
[WhiteElo "2502"]
[BlackElo "2336"]
[WhiteFideId "1734687"]
[BlackFideId "45015775"]
[EventDate "2022.12.27"]

1. d4 Nf6 2. c4 g6 3. Nc3 Bg7 4. e4 d6 5. h3 O-O 6. Be3 c5 7. Nf3 cxd4 8. Nxd4
Nc6 9. Be2 Nxd4 10. Bxd4 Be6 11. O-O Qa5 12. b3 Rfc8 13. Qd3 Rab8 14. f4 a6 15.
a4 Bd7 16. Kh1 Bc6 17. Rab1 Qb4 18. Rfd1 Nd7 19. Bxg7 Kxg7 20. Bg4 Rd8 21. Bxd7
Rxd7 22. Na2 Qb6 23. Rf1 Rdd8 24. Rbe1 Qc7 25. Nb4 Qa5 26. Nd5 Bxd5 27. exd5 Qc7
28. f5 Re8 29. Qc3+ f6 30. fxg6 hxg6 31. Re6 Rf8 32. Rf3 Qd7 33. a5 Rf7 34. g4
g5 35. Rf5 Kh7 36. Kh2 Rg7 37. b4 Rc8 38. Kg2 Qc7 39. Re4 Kg8 40. Qd4 Kh8 41.
Rf2 Kg8 42. Rc2 Qd7 43. Ree2 Qa4 44. Qc3 Qd7 45. Qe3 Rf7 46. Qd4 Qa4 47. Qd2 Rc7
48. c5 Qb5 49. Qc3 Rf8 50. Re1 Rfc8 51. Rec1 dxc5 52. bxc5 Rxc5 53. Qxc5 Rxc5
54. Rxc5 Qe2+ 55. Kg3 Kf7 56. R1c2 Qe3+ 57. Kg2 Qe4+ 58. Kg3 Qf4+ 59. Kg2 Qd6
60. R2c3 b6 61. axb6 Qxb6 62. Kf3 a5 63. R5c4 Qd6 64. Rd4 Qh2 65. Ke4 a4 66. d6
exd6 67. Rdd3 Ke6 68. Re3 d5+ 69. Kd3+ Kd6 70. Rc8 a3 71. Rc2 Qf4 72. Ke2 a2 0-1

[Event "50th Rilton Cup 2022-23"]
[Site "Stockholm SWE"]
[Date "2023.01.05"]
[Round "9.15"]
[White "Aditya, Mittal"]
[Black "Nandhidhaa, P V"]
[Result "1/2-1/2"]
[WhiteTitle "IM"]
[BlackTitle "WGM"]
[WhiteElo "2479"]
[BlackElo "2358"]
[WhiteFideId "35042025"]
[BlackFideId "5050847"]
[EventDate "2022.12.27"]

1. e4 c5 2. Nf3 Nc6 3. d4 cxd4 4. Nxd4 Nf6 5. Nc3 d6 6. Bg5 e6 7. Qd3 Bd7 8.
O-O-O a6 9. Qg3 h6 10. Be3 Nxd4 11. Rxd4 e5 12. Rb4 Bc6 13. a3 Rc8 14. Be2 Qc7
15. Bb6 Qb8 16. Rd1 Nd7 17. Ba5 Qa7 18. Bg4 b5 19. Nd5 Bxd5 20. Rxd5 h5 21. Bf5
h4 22. Qh3 g6 23. Bxd7+ Qxd7 24. Qxd7+ Kxd7 25. a4 bxa4 26. Rb7+ Ke6 27. Rb6 Be7
28. Bc3 f6 29. Rxa6 Rc4 30. f3 Rh5 31. Kd2 Rg5 32. Kd3 Rc7 33. f4 Rxg2 34. fxe5
fxe5 35. Bxe5 Rcxc2 36. Bxd6 Rcd2+ 37. Kc4 Rc2+ 38. Kd3 Rcd2+ 39. Kc4 Rc2+ 40.
Kd3 1/2-1/2

[Event "50th Rilton Cup 2022-23"]
[Site "Stockholm SWE"]
[Date "2023.01.05"]
[Round "9.16"]
[White "Parkhov, Yair"]
[Black "Ram, Aravind L N"]
[Result "1-0"]
[WhiteTitle "IM"]
[BlackTitle "FM"]
[WhiteElo "2470"]
[BlackElo "2272"]
[WhiteFideId "2813408"]
[BlackFideId "25033760"]
[EventDate "2022.12.27"]

1. d4 Nf6 2. c4 c5 3. d5 e6 4. Nc3 exd5 5. cxd5 d6 6. e4 g6 7. Be2 Bg7 8. Nf3
O-O 9. Be3 b5 10. e5 Ng4 11. Bg5 Qa5 12. e6 fxe6 13. O-O Bxc3 14. bxc3 Qc7 15.
Bxb5 e5 16. h3 Nf6 17. Bh6 Rd8 18. Ng5 Qe7 19. Qe2 Bf5 20. f4 e4 21. g4 Bd7 22.
Bd3 Re8 23. Rae1 Qd8 24. Bxe4 Qa5 25. Qc2 Ba4 26. Qd3 c4 27. Qd4 Qb6 28. f5 Nbd7
29. fxg6 hxg6 30. Bxg6 Rxe1 31. Rxe1 Ne5 32. Bf5 Bd7 33. Be6+ Bxe6 34. dxe6 Nh7
35. Qxb6 axb6 36. Rf1 Nxg5 37. Bxg5 Rxa2 38. e7 Ra8 39. Kg2 Re8 40. Rd1 Nd3 41.
h4 b5 42. h5 Kg7 43. Rf1 1-0

[Event "50th Rilton Cup 2022-23"]
[Site "Stockholm SWE"]
[Date "2023.01.05"]
[Round "9.17"]
[White "Olsson, William"]
[Black "Sorensen, Hampus"]
[Result "1-0"]
[WhiteTitle "FM"]
[BlackTitle "IM"]
[WhiteElo "2290"]
[BlackElo "2442"]
[WhiteFideId "1741721"]
[BlackFideId "8703884"]
[EventDate "2022.12.27"]

1. c4 e5 2. g3 Nc6 3. Bg2 Bc5 4. Nc3 d6 5. e3 a6 6. Nge2 Ba7 7. Rb1 h5 8. h3 f5
9. h4 Nf6 10. d4 O-O 11. b4 Ne7 12. Nd5 Nexd5 13. cxd5 Qe7 14. O-O Bd7 15. Bb2
Rfd8 16. dxe5 dxe5 17. Qb3 Kh8 18. a4 Rac8 19. b5 axb5 20. axb5 Bc5 21. Bc3 b6
22. Nc1 f4 23. exf4 exf4 24. Nd3 fxg3 25. Nxc5 Qxc5 26. Bxf6 gxf6 27. Qf3 Kg7
28. Qxg3+ Kf7 29. Qe3 Qxe3 30. fxe3 Ke7 31. Rf4 Rg8 32. Kf2 Rg4 33. Rxg4 Bxg4
34. Bf3 Bxf3 35. Kxf3 Rg8 36. Rc1 Kd7 37. Rc4 Rg1 38. Rc6 Rf1+ 39. Ke4 Rh1 40.
Rxf6 Rxh4+ 41. Ke5 Rb4 42. Rf7+ Kc8 43. Rh7 Rxb5 44. Rxh5 Rb1 45. e4 b5 46. Kd4
Rb4+ 47. Kd3 Rb3+ 48. Kc2 Re3 49. e5 Kb7 50. Kd2 Re4 51. Kd3 Re1 52. Kd4 b4 53.
e6 b3 54. Rh3 Rd1+ 55. Kc4 c6 56. e7 cxd5+ 57. Kc5 Re1 58. Kd6 d4 59. Rxb3+ Kc8
60. Ra3 d3 61. Rxd3 Re2 62. Rc3+ Kb7 63. Rc4 Re1 64. Rc5 Rd1+ 65. Rd5 Re1 66.
Re5 1-0

[Event "50th Rilton Cup 2022-23"]
[Site "Stockholm SWE"]
[Date "2023.01.05"]
[Round "9.18"]
[White "Lindberg, Bengt"]
[Black "Petursson, Margeir"]
[Result "0-1"]
[WhiteTitle "IM"]
[BlackTitle "GM"]
[WhiteElo "2349"]
[BlackElo "2437"]
[WhiteFideId "1700359"]
[BlackFideId "2300028"]
[EventDate "2022.12.27"]

1. e4 c5 2. Nf3 g6 3. d4 cxd4 4. Nxd4 Nc6 5. c4 Nf6 6. Nc3 Nxd4 7. Qxd4 d6 8.
Be2 Bg7 9. Be3 O-O 10. Qd2 a5 11. f3 a4 12. Kf2 Be6 13. Rac1 Nd7 14. Rhd1 Qa5
15. Nb5 Nc5 16. Qxa5 Rxa5 17. Rd2 Rc8 18. Nd4 Raa8 19. Rb1 Bd7 20. h3 f5 21.
exf5 gxf5 22. Nc2 f4 23. Bd4 Bf5 24. Bxg7 Kxg7 25. Rbd1 Bxc2 26. Rxc2 Rc6 27.
Bd3 b5 28. Bf1 b4 29. Rcd2 Raa6 30. g3 fxg3+ 31. Kxg3 Rc8 32. Re1 Kf6 33. Rd4
Rg8+ 34. Kf2 e5 35. Rh4 Ra7 36. Rd1 Ke6 37. Bd3 Nxd3+ 38. Rxd3 Rg6 39. Rd5 Rf7
40. Rb5 Rgf6 41. Ke2 Rxf3 42. Rh6+ Kd7 43. Rxb4 Rf2+ 44. Ke3 R7f3+ 45. Ke4 Rg3
46. Rxh7+ Kc6 47. Rh4 a3 48. bxa3 Rxa3 49. Rb3 Raxa2 50. Rb8 Ra3 51. Rc8+ Kd7
52. Rch8 Re2+ 53. Kf5 Rf3+ 54. Kg4 Rf4+ 55. Kg3 Rxh4 56. Rxh4 Kc6 57. Kf3 Rh2
58. Ke3 Kc5 59. Rh6 Rc2 60. Rh8 Rxc4 61. h4 Kd5 62. h5 Rc3+ 63. Kf2 Ke4 64. Kg2
d5 65. h6 Rc6 66. Kg3 d4 67. Kg4 Rc1 68. h7 Rh1 69. Kg5 d3 70. Kg6 d2 71. Rd8
Ke3 72. Kg7 Ke2 73. h8=Q Rxh8 74. Kxh8 d1=Q 75. Rxd1 Kxd1 0-1

[Event "50th Rilton Cup 2022-23"]
[Site "Stockholm SWE"]
[Date "2023.01.05"]
[Round "9.19"]
[White "Sasikiran, Krishnan"]
[Black "Park, Evan"]
[Result "1-0"]
[WhiteTitle "GM"]
[BlackTitle "IM"]
[WhiteElo "2635"]
[BlackElo "2362"]
[WhiteFideId "5004985"]
[BlackFideId "30931142"]
[EventDate "2022.12.27"]

1. e4 e5 2. Nf3 Nc6 3. Bb5 a6 4. Ba4 Nf6 5. O-O Be7 6. Re1 b5 7. Bb3 d6 8. c3
O-O 9. h3 Bb7 10. d4 Re8 11. Nbd2 Bf8 12. a4 h6 13. Bc2 exd4 14. cxd4 Nb4 15.
Bb1 c5 16. d5 Nd7 17. Ra3 c4 18. Ree3 Nc5 19. b3 Nbd3 20. Bxd3 cxd3 21. axb5
axb5 22. b4 Rxa3 23. Bxa3 Na4 24. Qb3 Qb6 25. Rxd3 g6 26. Bb2 Nxb2 27. Qxb2 Bg7
28. Qc1 Rc8 29. Qe1 Bc3 30. Nc4 Bxe1 31. Nxb6 Rc1 32. Nxe1 Rxe1+ 33. Kh2 Rxe4
34. Rc3 Re7 35. Ra3 Re5 36. Ra5 Re4 37. Rxb5 Ba6 38. Ra5 Bd3 39. b5 Rb4 40. Nc8
Rxb5 41. Rxb5 Bxb5 42. Nxd6 Bf1 43. Nb7 Kf8 44. d6 Ke8 45. Nc5 g5 46. Kg1 Bc4
47. g3 h5 48. f3 f5 49. Kf2 h4 50. f4 gxf4 51. gxh4 Bd5 52. h5 Bc6 53. d7+ Bxd7
54. Nxd7 Kxd7 55. h6 1-0

[Event "50th Rilton Cup 2022-23"]
[Site "Stockholm SWE"]
[Date "2023.01.05"]
[Round "9.20"]
[White "Vestby-Ellingsen, Mads"]
[Black "Smirin, Ilia"]
[Result "0-1"]
[WhiteTitle "IM"]
[BlackTitle "GM"]
[WhiteElo "2389"]
[BlackElo "2596"]
[WhiteFideId "1520857"]
[BlackFideId "2801990"]
[EventDate "2022.12.27"]

1. d4 d6 2. e4 Nf6 3. Nc3 g6 4. Be3 c6 5. Qd2 Nbd7 6. Nf3 b5 7. e5 b4 8. exf6
bxc3 9. Qxc3 Nxf6 10. Qxc6+ Bd7 11. Qa6 Rb8 12. b3 Qc7 13. c4 Nd5 14. Bd2 Nb4
15. Bxb4 Rxb4 16. Qa3 a5 17. Qc1 Bg7 18. Be2 O-O 19. O-O a4 20. Qe3 Rfb8 21.
bxa4 Bxa4 22. Rfe1 e5 23. dxe5 dxe5 24. Rac1 Re8 25. Nd2 e4 26. a3 Rbb8 27. c5
Rbd8 28. Nc4 Bd4 29. Qg3 Qxc5 30. Nb2 Bc2 31. Nc4 e3 32. f4 Be4 33. Ne5 Qxa3 34.
Rc7 Qa5 35. Rec1 Rxe5 36. fxe5 Bxe5 37. Qh4 Bxc7 38. Qxe4 Rd2 39. Qc4 Kg7 40.
Rf1 f5 41. Rb1 h5 42. Rb7 Rd7 43. g3 h4 44. Kg2 hxg3 45. hxg3 Qe5 46. Qf4 Qc5
47. Qc4 Qe5 48. Qf4 Qd5+ 49. Qf3 Qd2 50. Ra7 Re7 51. Rb7 Qe1 52. Rb2 g5 53. Qxf5
Qxg3+ 0-1

[Event "50th Rilton Cup 2022-23"]
[Site "Stockholm SWE"]
[Date "2023.01.05"]
[Round "9.21"]
[White "Keinanen, Toivo"]
[Black "Aarav, Dengla"]
[Result "1-0"]
[WhiteTitle "IM"]
[BlackTitle "FM"]
[WhiteElo "2508"]
[BlackElo "2357"]
[WhiteFideId "509825"]
[BlackFideId "45059756"]
[EventDate "2022.12.27"]

1. b3 d5 2. Bb2 Bf5 3. d3 e6 4. Nd2 Nf6 5. g3 c5 6. Bg2 Nc6 7. e4 Bg6 8. Ne2 Bh5
9. h3 Bxe2 10. Qxe2 d4 11. f4 e5 12. O-O Qc7 13. Nc4 b5 14. Nxe5 Nxe5 15. fxe5
Nd7 16. e6 fxe6 17. e5 Rb8 18. Rae1 g6 19. Qf3 Bh6 20. Qf7+ Kd8 21. Qxe6 Re8 22.
Qd5 Rb6 23. e6 Rd6 24. exd7 Be3+ 25. Rxe3 Rxe3 26. Qg5+ Re7 27. Rf8+ Kxd7 28.
Qg4+ Rde6 29. Bd5 Qe5 30. Bxe6+ Rxe6 31. Bc1 h5 32. Qg5 Qxg5 33. Bxg5 Re2 34.
Rf2 Re1+ 35. Kg2 Rb1 36. a4 bxa4 37. bxa4 a6 38. Rf7+ Ke6 39. Rf6+ Kd5 40. Bf4
c4 41. dxc4+ Kxc4 42. Rxa6 Rb2 43. Kf3 1-0

[Event "50th Rilton Cup 2022-23"]
[Site "Stockholm SWE"]
[Date "2023.01.05"]
[Round "9.22"]
[White "Peyrer, Konstantin"]
[Black "Wadsworth, Matthew J"]
[Result "1-0"]
[WhiteTitle "FM"]
[BlackTitle "IM"]
[WhiteElo "2380"]
[BlackElo "2470"]
[WhiteFideId "1640879"]
[BlackFideId "415804"]
[EventDate "2022.12.27"]

1. d4 d5 2. c4 c6 3. Nf3 Nf6 4. e3 Bf5 5. Nc3 a6 6. Qb3 Ra7 7. a4 e6 8. a5 Nbd7
9. Nh4 Be4 10. Nxe4 dxe4 11. g3 Bd6 12. Be2 Qe7 13. Bd2 h5 14. Ng2 e5 15. O-O-O
O-O 16. Nh4 Qe6 17. h3 Rb8 18. Qc2 g5 19. c5 Bf8 20. Bc4 Nd5 21. f3 gxh4 22.
fxe4 hxg3 23. h4 N7f6 24. Rhg1 Qg4 25. exd5 cxd5 26. Be1 Qe6 27. Bxg3 Ng4 28.
Bxe5 Rc8 29. Bxd5 Qxd5 30. Qf5 Qe6 31. Qxh5 f5 32. Rdf1 Bg7 33. Bxg7 Kxg7 34.
Qxf5 Qxe3+ 35. Kb1 1-0

[Event "50th Rilton Cup 2022-23"]
[Site "Stockholm SWE"]
[Date "2023.01.05"]
[Round "9.23"]
[White "Pantzar, Milton"]
[Black "Kalogridis, Antonios"]
[Result "0-1"]
[WhiteTitle "IM"]
[BlackTitle "FM"]
[WhiteElo "2465"]
[BlackElo "2293"]
[WhiteFideId "1721003"]
[BlackFideId "25833901"]
[EventDate "2022.12.27"]

1. d4 Nf6 2. Nf3 g6 3. Nbd2 d5 4. b4 Bg7 5. e3 O-O 6. Be2 a5 7. b5 c5 8. bxc6
Nxc6 9. O-O Bf5 10. Bb2 Rb8 11. a4 Nb4 12. c3 Bc2 13. Qc1 Bd3 14. Bxd3 Nxd3 15.
Qc2 Nxb2 16. Qxb2 Ne8 17. c4 e6 18. Rfc1 Nc7 19. Qb6 Na6 20. Qb5 Nb4 21. cxd5
exd5 22. Ne1 Re8 23. Nd3 Nxd3 24. Qxd3 Bf8 25. Nf3 Bb4 26. Qb5 f6 27. Ne1 Re6
28. Qe2 Bd6 29. Nd3 Qd7 30. g3 b6 31. Qa2 Bc7 32. Rab1 Rd8 33. Rb5 g5 34. Qc2
Bb8 35. Qb3 Bc7 36. Qc2 Bb8 37. Qd1 Kg7 38. Qg4 Kg6 39. Qf3 h5 40. Kg2 Bc7 41.
Qd1 Bb8 42. Nb2 Rd6 43. Qf3 Rh8 44. Nd3 h4 45. g4 h3+ 46. Kf1 Rh4 47. Qf5+ Qxf5
48. gxf5+ Kxf5 49. Rc8 Ba7 50. f3 Rh7 51. Nf2 Ke6 52. Rb1 Rhd7 53. Nxh3 Rd8 54.
Rc2 Bb8 55. Nf2 Rh8 56. Ng4 Kd7 57. Ke2 Re6 58. Rb5 Rd6 59. Kd3 Rh3 60. Rf2 Ke6
61. Rf1 Rc6 62. e4 dxe4+ 63. Kxe4 Kf7 64. Rf2 Kg6 65. Kd3 Bf4 66. d5 Rd6 67. Ne3
Bxe3 68. Kxe3 Kf5 69. Rc2 g4 70. Rf2 Ke5 71. Ke2 gxf3+ 72. Rxf3 Rxh2+ 73. Kd3
Ra2 74. Re3+ Kf5 75. Rf3+ Kg4 76. Re3 Ra3+ 77. Kd2 Rxa4 78. Re6 Rd4+ 79. Ke3
R4xd5 80. Rxf6 Rxb5 81. Rxd6 Kf5 82. Kd4 Rb4+ 83. Kc3 Ke5 84. Rd8 Ke6 85. Rd1
Rb5 86. Kc4 Rc5+ 87. Kb3 Rd5 88. Rc1 Kd6 89. Ka4 Rc5 90. Rh1 Rc4+ 91. Kb3 Rb4+
92. Ka3 Kc6 93. Rh6+ Kb5 94. Rh5+ Ka6 95. Rh6 Rg4 96. Kb3 a4+ 97. Ka3 Ka5 98.
Rh8 Rg3+ 99. Ka2 b5 100. Rh5 a3 101. Rh4 b4 102. Rh8 Rg2+ 103. Ka1 Ka4 104. Rh4
Rg5 105. Ka2 Kb5 106. Rh8 Rg2+ 107. Kb1 b3 108. Rh5+ Kc4 109. Rh4+ Kd5 110. Rh5+
Ke4 111. Rh1 Kf3 112. Rd1 Re2 113. Rh1 Kg2 114. Rd1 Kf2 0-1

[Event "50th Rilton Cup 2022-23"]
[Site "Stockholm SWE"]
[Date "2023.01.05"]
[Round "9.24"]
[White "Sardana, Rishi"]
[Black "Dobrikov, Marco"]
[Result "1-0"]
[WhiteTitle "IM"]
[BlackTitle "FM"]
[WhiteElo "2460"]
[BlackElo "2228"]
[WhiteFideId "25004301"]
[BlackFideId "12950378"]
[EventDate "2022.12.27"]

1. d4 g6 2. e4 Bg7 3. Nf3 d6 4. Bd3 Nf6 5. O-O O-O 6. h3 Nc6 7. c3 e5 8. Re1 Re8
9. Nbd2 h6 10. Bc2 Nh7 11. Nf1 Ng5 12. Nxg5 hxg5 13. d5 Nb8 14. Be3 Bf6 15. f3
Kg7 16. g4 Rh8 17. Kg2 Bd7 18. b4 Na6 19. Bd3 Rh4 20. Ng3 Qh8 21. Rh1 Qh7 22.
Qd2 Rh8 23. Kf2 Qg8 24. Bf1 Qd8 25. Bxa7 Be7 26. Qc2 Nc5 27. Bxc5 dxc5 28. a3
Qa8 29. Qb2 f5 30. exf5 gxf5 31. gxf5 c4 32. Qe2 Bf6 33. Qe3 Rf4 34. Kg2 b5 35.
Qc5 Qc8 36. d6 cxd6 37. Qxc8 Bxc8 38. a4 Bb7 39. Be2 Bd8 40. Ne4 Bxe4 41. fxe4
Rxe4 42. Bg4 Re3 43. Rhd1 Be7 44. axb5 Rxc3 45. f6+ Kxf6 46. Ra7 Rc2+ 47. Kg1
Rf8 48. Rf1+ Kg6 49. Rxe7 Rxf1+ 50. Kxf1 Rb2 51. Re6+ Kf7 52. Rxd6 c3 53. Rc6
Rxb4 54. Be2 e4 55. Kf2 Ke7 56. Ke3 1-0

[Event "50th Rilton Cup 2022-23"]
[Site "Stockholm SWE"]
[Date "2023.01.05"]
[Round "9.25"]
[White "Rakesh, Kumar Jena"]
[Black "Alonso Garcia, Aaron"]
[Result "1/2-1/2"]
[WhiteTitle "IM"]
[BlackTitle "IM"]
[WhiteElo "2303"]
[BlackElo "2439"]
[WhiteFideId "5084822"]
[BlackFideId "24521060"]
[EventDate "2022.12.27"]

1. d4 Nf6 2. Bf4 e6 3. e3 c5 4. Nd2 d5 5. c3 Bd6 6. Bb5+ Nc6 7. Bg3 Bxg3 8. hxg3
Qb6 9. Qa4 Bd7 10. Ngf3 cxd4 11. cxd4 O-O 12. Rc1 Rfc8 13. O-O a6 14. Bxc6 Bxc6
15. Qb3 Qxb3 16. Nxb3 Bb5 17. Rfe1 b6 18. Nfd2 a5 19. Nb1 Ne4 20. N1d2 Nxd2 21.
Nxd2 Bd3 22. f3 f6 23. Kf2 Kf7 24. e4 dxe4 25. fxe4 Ke7 26. Ke3 Ba6 27. g4 h6
28. a4 e5 29. d5 Kd6 30. Rc3 Rxc3+ 31. bxc3 Bc8 32. Rb1 Ra6 33. g5 hxg5 34. Rh1
Ra7 35. Rh8 Rc7 36. Kd3 Ba6+ 37. c4 Rc8 38. Rh7 Rg8 39. Kc3 Bc8 40. Nb3 Bd7 41.
c5+ bxc5 42. Nxa5 Bxa4 43. Nb7+ Ke7 44. Rh1 Bd7 45. Ra1 Bc8 46. Ra8 Rf8 47. Nxc5
f5 48. Ra7+ Kd6 49. Kc4 f4 50. Rxg7 g4 51. Rg6+ Ke7 52. d6+ Ke8 53. Rg7 f3 54.
gxf3 gxf3 55. Re7+ Kd8 56. Nb7+ Bxb7 57. Rxb7 Rf6 58. Rb1 Rxd6 59. Rf1 Rd4+ 60.
Kc3 Ke7 61. Rxf3 Rxe4 62. Kd3 Rf4 63. Rxf4 exf4 64. Ke4 Ke6 65. Kxf4 1/2-1/2

[Event "50th Rilton Cup 2022-23"]
[Site "Stockholm SWE"]
[Date "2023.01.05"]
[Round "9.26"]
[White "Bai, Adelard"]
[Black "Falkevall, Axel"]
[Result "1-0"]
[WhiteTitle "FM"]
[BlackTitle "FM"]
[WhiteElo "2411"]
[BlackElo "2287"]
[WhiteFideId "16301188"]
[BlackFideId "1735560"]
[EventDate "2022.12.27"]

1. d4 Nf6 2. c4 g6 3. g3 Bg7 4. Bg2 O-O 5. Nc3 d6 6. Nf3 c5 7. O-O Nc6 8. dxc5
dxc5 9. Be3 Be6 10. Qa4 Nd4 11. Bxd4 cxd4 12. Nb5 Bd7 13. Qb3 Ne4 14. Rfd1 Bxb5
15. Qxb5 Nd6 16. Qb3 Qb6 17. Rac1 Rfc8 18. Ne1 e5 19. Nd3 e4 20. Nb4 Qc5 21. Nd5
Re8 22. Rc2 Rad8 23. Qb4 Qc6 24. Qa5 Kh8 25. Nb4 Qd7 26. Qxa7 d3 27. exd3 Nf5
28. Nd5 Nd4 29. Rcd2 Nf3+ 30. Bxf3 exf3 31. d4 Qe6 32. Ne3 Rd7 33. Qc5 Qh3 34.
Qg5 Bxd4 35. Qg4 Bxe3 36. Qxh3 Rxd2 37. Rf1 Bd4 38. g4 Rxf2 39. Rxf2 Re1+ 40.
Qf1 Re2 41. h4 Kg7 42. h5 g5 43. a4 f5 44. Qd1 Bxf2+ 45. Kf1 Re1+ 46. Qxe1 Bxe1
47. Kxe1 fxg4 48. c5 Kf6 49. c6 bxc6 50. a5 Ke5 51. a6 Kf4 52. a7 Kg3 53. a8=Q
Kg2 54. Qxc6 g3 55. Qc1 g4 56. b4 f2+ 57. Ke2 Kh2 58. b5 1-0

[Event "50th Rilton Cup 2022-23"]
[Site "Stockholm SWE"]
[Date "2023.01.05"]
[Round "9.27"]
[White "Miezis, Normunds"]
[Black "Vagman, Roy"]
[Result "1-0"]
[WhiteTitle "GM"]
[BlackTitle "FM"]
[WhiteElo "2441"]
[BlackElo "2255"]
[WhiteFideId "11600136"]
[BlackFideId "2828995"]
[EventDate "2022.12.27"]

1. c4 b6 2. Nc3 Bb7 3. Nf3 e6 4. g3 Bb4 5. Bg2 Bxc3 6. bxc3 Ne7 7. O-O O-O 8. d3
d6 9. e4 e5 10. Qe2 Nd7 11. Ba3 Qe8 12. Rae1 Ng6 13. Bh3 Bc8 14. Nd2 Nc5 15.
Bxc8 Qxc8 16. f4 exf4 17. gxf4 f5 18. e5 Qa6 19. Bxc5 bxc5 20. Nb3 Rae8 21. d4
cxd4 22. cxd4 c5 23. e6 cxd4 24. Nxd4 Qb6 25. Qf2 Rf6 26. Rd1 Nf8 27. Nb5 Rg6+
28. Kh1 Rexe6 29. Qxb6 axb6 30. Nd4 Ref6 31. Rb1 Nd7 32. Rb5 Nc5 33. Rxb6 Rg4
34. Ne2 Ne4 35. Rb8+ Kf7 36. Rb7+ Ke8 37. h3 Rh4 38. Kh2 Nd2 39. Rf2 Rfh6 40.
Ng1 Ne4 41. Rf3 Re6 42. Rxg7 Re7 43. Rxe7+ Kxe7 44. Ne2 Kd7 45. Rd3 Rh6 46. a4
Nc5 47. Ra3 Re6 48. Ng3 Re1 49. a5 Kc7 50. a6 Kb8 51. Nxf5 Ka7 52. Nxd6 Nxa6 53.
c5 Rc1 54. f5 Rc2+ 55. Kg3 Rxc5 56. f6 Rg5+ 57. Kf4 Rg8 58. f7 Rf8 59. Ke5 Kb6
60. Kf6 Nb4 1-0

[Event "50th Rilton Cup 2022-23"]
[Site "Stockholm SWE"]
[Date "2023.01.05"]
[Round "9.28"]
[White "Koelle, Tobias"]
[Black "Stefanou, Dimitrios"]
[Result "1-0"]
[WhiteTitle "FM"]
[WhiteElo "2439"]
[BlackElo "2266"]
[WhiteFideId "16207378"]
[BlackFideId "25825011"]
[EventDate "2022.12.27"]

1. d4 Nf6 2. c4 e6 3. Nf3 d5 4. Nc3 Bb4 5. Qa4+ Nc6 6. e3 O-O 7. Qc2 dxc4 8.
Bxc4 Bd6 9. O-O e5 10. h3 h6 11. a3 a6 12. Rd1 Qe8 13. Ba2 Kh8 14. b4 Nh7 15.
Bd5 f5 16. Bxc6 bxc6 17. dxe5 Bxe5 18. Nxe5 Qxe5 19. Bb2 Qe8 20. Ne2 Ng5 21.
Rac1 Bb7 22. Nf4 Ne6 23. Qc3 Rg8 24. Qe5 Nxf4 25. Qxf4 Qg6 26. Qxc7 Rab8 27. Rd6
Qg5 28. h4 Qxh4 29. Rg6 c5 30. Rxg7 Rxg7 31. Qxg7# 1-0

[Event "50th Rilton Cup 2022-23"]
[Site "Stockholm SWE"]
[Date "2023.01.05"]
[Round "9.29"]
[White "Milikow, Yoav"]
[Black "Muetsch, Annmarie"]
[Result "1-0"]
[WhiteTitle "IM"]
[BlackTitle "WIM"]
[WhiteElo "2416"]
[BlackElo "2251"]
[WhiteFideId "2822237"]
[BlackFideId "12971367"]
[EventDate "2022.12.27"]

1. d4 Nf6 2. c4 g6 3. Nc3 Bg7 4. e4 d6 5. Be2 O-O 6. Be3 e5 7. d5 Na6 8. g4 Nc5
9. f3 h5 10. b4 Na6 11. a3 hxg4 12. Bg5 Qd7 13. fxg4 Nxg4 14. h3 Nf6 15. h4 Nh5
16. Bxh5 gxh5 17. Qxh5 Qg4 18. Qxg4 Bxg4 19. Ra2 Kh7 20. Rg2 Bh5 21. Bd2 Bh6 22.
Nce2 Rg8 23. Rhh2 Bxd2+ 24. Kxd2 Rg4 25. Nh3 f6 26. Nf2 Rxg2 27. Rxg2 Bxe2 28.
Kxe2 Nb8 29. Ng4 Nd7 30. Ne3 a5 31. Nf5 Rg8 32. Rxg8 Kxg8 33. Kd3 axb4 34. axb4
Kf7 35. h5 Nf8 36. c5 dxc5 37. bxc5 Ke8 38. Kc4 Kd7 39. Kb5 Nh7 40. c6+ Kc8 41.
h6 Ng5 42. Ne7+ Kb8 43. Ka4 Nh7 44. Kb4 Ng5 45. Ng8 Nh7 46. Kc5 Kc8 47. Ne7+ Kb8
48. d6 cxd6+ 49. Kxd6 bxc6 50. Kxc6 Ng5 51. Kd7 f5 52. exf5 e4 53. Nd5 Kb7 54.
f6 1-0

[Event "50th Rilton Cup 2022-23"]
[Site "Stockholm SWE"]
[Date "2023.01.05"]
[Round "9.30"]
[White "Percivaldi, Martin"]
[Black "Buchenau, Frank"]
[Result "1-0"]
[WhiteTitle "IM"]
[BlackTitle "FM"]
[WhiteElo "2412"]
[BlackElo "2218"]
[WhiteFideId "1508148"]
[BlackFideId "4604350"]
[EventDate "2022.12.27"]

1. e4 e6 2. d4 d5 3. e5 c5 4. c3 Qb6 5. Nf3 Nc6 6. Be2 cxd4 7. cxd4 Nge7 8. Na3
Nf5 9. Nc2 Nb4 10. Ne3 Nxe3 11. Bxe3 Nc6 12. O-O Qxb2 13. Rb1 Qxa2 14. Qd3 Qa5
15. Bd2 Qc7 16. Rfc1 Be7 17. Ng5 h6 18. Nxf7 Kxf7 19. Bh5+ Kg8 20. Qg6 Bf8 21.
Rb3 Qe7 22. h4 Bd7 23. Rxb7 Be8 24. Qb1 Qd8 25. Rxc6 Bxh5 26. Rxe6 Bf7 27. Rc6
Rc8 28. e6 Be8 29. e7 Bxe7 30. Rxc8 Qxc8 31. Rxe7 Bf7 32. Bf4 Qd8 33. Qb7 1-0